000 00728nam a22002177a 4500
003 KOHA_MİRAKIL
005 20260414075323.0
008 260414b tu ||||| |||| 00| 0 tur d
020 _a9786050117080
040 _aTR-AnABB
_btur
_cTR-AnABB
041 _atur
082 _a720.9561
_bCUM 2023
245 0 0 _aCumhuriyetin 100. yılında İstanbul :
_bmimarlık ve yerleşme kültür /
_ceditör: H. Bülend Tuna
250 _a1. baskı
260 _aİstanbul :
_bTMMOB Mimarlar Odası İstanbul Büyükkent Şubesi,
_c2023
300 _a500 sayfa :
_bresim, harita ;
_c26 cm
650 0 4 _aMimarlık
_xTarih
650 0 4 _aMimarlık, Türkiye
700 1 _aTuna, H. Bülend,
_eeditör
_93401
942 _2ddc
_cBK
999 _c10213
_d10213
900 _bCan ÇELIK